00419nam a2200121Ia 4500008004100000041000800041082000800049100008200057245008300139260004900222300002000271440000600291221007s9999 xx 000 0 und d aeng bNIK aNikita Kamath - 2k171075; Dr. Arpita Singh - Guide & S A Tech. Software. Pvt. 3aAn Analysis Of Attrition & Retention Strategies In Sa Tech Software ( I ) Pvt. c2018bSavitribai Phule Pune UniversityaPune a49pcHard Bound v1